000
00478nam a2200181Ia 4500
008
100917s9999 xx 000 0 und d
082
_b
52658
100
_a
सोनार अनिल
245
_a
काटशह
260
_b
दिलीपराज प्रकाशन
_c
1982
300
_a
168
365
_b
22
520
_a
कादंबरी
630
_a
काटशह
650
_a
कादंबरी
730
_a
काटशह
942
_c
BOOK
999
_c
658052
_d
658049